|
|
แสดงรายละเอียดบรรณานุกรม |
|
|
Brief Record
: Get Marc (ISO 2709)
: E-mail record
: |
|
|
| LEADER 00000nam 2200000uu 4500 | |||
| 001 213309 | |||
| 003 ULIBM | |||
| 008 020711s2564 th a 000 0 tha d | |||
| 020 9786165780933 | |||
| 041 ^atha | |||
| 060 04 WR152 ว346อ 2564 | |||
| 100 วลัยลักษณ์ ศิริศิลป์ | |||
| 245 10 เอสแอลอี รับมืออย่างไร/^cวลัยลักษณ์ ศิริศิลป์ | |||
| 246 30 ^aคู่มือสำหรับผู้ป่วยโรคเอสแอลอี เรียนรู้แนวทางการดูแลสุขภาพและรักษา | |||
| 260 กรุงเทพฯ :^bสำนักพิมพ์ Feel good,^c2564 | |||
| 300 208 หน้า :^bภาพประกอบ ;^c21 ซม. | |||
| 650 04 โรคแพ้ภูมิคุ้มกันตัวเอง | |||
| 999 ^aใช้งานได้ทุกระบบ | |||
| คุณยังไม่ได้ล็อกอิน คุณสามารถมีกิจกรรมร่วมกับเว็บไซต์ได้ แต่ต้องล็อกอินก่อน :: |
|
| สถานะ | |||||||||
| 1. | หนังสือทั่วไป | WR152 ว346อ 2564 ฉ.1 | On Shelf ขอยืม | ||||||
| Note:จัดซื้อปีงบประมาณ 2566 | |||||||||
| 2. | หนังสือทั่วไป | WR152 ว346อ 2564 ฉ.2 | On Shelf ขอยืม | ||||||
| Note:จัดซื้อปีงบฯ 2566 | |||||||||
| 3. | หนังสือทั่วไป | WR152 ว346อ 2564 ฉ.3 | On Shelf ขอยืม | ||||||
| Note:จัดซื้อปีงบฯ 2566 | |||||||||
| 4. | หนังสือทั่วไป | WR152 ว346อ 2564 ฉ.4 | On Shelf ขอยืม | ||||||
| Note:จัดซื้อปีงบฯ 2566 | |||||||||
| 5. | หนังสือทั่วไป | WR152 ว346อ 2564 ฉ.5 | On Shelf ขอยืม | ||||||
| Note:จัดซื้อปีงบฯ 2566 | |||||||||
| [แสดง 5/5 รายการ] | |||||||||
BibComment |
| คอมเมนท์ทรัพยากรรายการนี้ |
|
|